000 01063nam a2200265 4500
005 20240530110951.0
008 221214s2022 ua bh f b 00| 0 ara d
017 _a2021/2751
_bمصر. دار الكتب
020 _a9789776809772
040 _aEG-CaGPL
_cEG-CaGPL
082 0 4 _221
_a909.09653
_bق/أ أ
100 0 _aامانى يسرى رسمى
245 1 0 _aاثار وادى الجرف :
_bدراسة تحليلة /
_cاعداد امانى يسرى رسمى ؛ تقديم احمد امين سليم، عماد خليل
250 _aط 1
260 _aالقاهرة :
_bالمؤسسة الدولية للكناب،
_c2022.
300 _a250 ص. :
_bايض ؛
_c24 سم.
504 _aيشتمل على ارجاعات ببليوجرافية
650 0 7 _2qrmak
_aالاثار، علم
651 0 7 _2qrmak
_aوادى الجرف
_xاثار
653 0 _aالمواقع الاثرية
700 0 _aاحمد امين سليم
_eمقدم
700 0 _aعماد خليل
_eمقدم
942 _2ddc
_cBK
999 _c67004
_d67004